Modern Ireland, 1600-1972 / (Record no. 16284)
[ view plain ]
| 000 -LEADER | |
|---|---|
| fixed length control field | 00849nam a22002657a 4500 |
| 003 - CONTROL NUMBER IDENTIFIER | |
| control field | BDCtgAUW |
| 005 - DATE AND TIME OF LATEST TRANSACTION | |
| control field | 20260406180616.0 |
| 008 - FIXED-LENGTH DATA ELEMENTS--GENERAL INFORMATION | |
| fixed length control field | 260226b enk ||||| |||| 00| 0 eng d |
| 020 ## - INTERNATIONAL STANDARD BOOK NUMBER | |
| International Standard Book Number | 9780140132502 |
| 040 ## - CATALOGING SOURCE | |
| Original cataloging agency | BDCtgAUW |
| Transcribing agency | BDCtgAUW |
| Modifying agency | BDCtgAUW |
| 043 ## - GEOGRAPHIC AREA CODE | |
| Geographic area code | e-ie--- |
| 050 00 - LIBRARY OF CONGRESS CALL NUMBER | |
| Classification number | DA938 |
| Item number | .F67 |
| 100 10 - MAIN ENTRY--PERSONAL NAME | |
| Personal name | Foster, R. F. |
| Fuller form of name | (Robert Fitzroy), |
| Relator term | author |
| 9 (RLIN) | 91081 |
| 245 10 - TITLE STATEMENT | |
| Title | Modern Ireland, 1600-1972 / |
| 260 ## - PUBLICATION, DISTRIBUTION, ETC. | |
| Place of publication, distribution, etc. | New York, N.Y. : |
| Name of publisher, distributor, etc. | Penguin Books, |
| Date of publication, distribution, etc. | 1988. |
| 300 ## - PHYSICAL DESCRIPTION | |
| Extent | xiii, 688 p. : |
| Other physical details | ill. ; |
| Dimensions | 24 cm. |
| 500 ## - GENERAL NOTE | |
| General note | Includes indexes. |
| 504 ## - BIBLIOGRAPHY, ETC. NOTE | |
| Bibliography, etc. note | Bibliography: p. [643]-662. |
| 651 #0 - SUBJECT ADDED ENTRY--GEOGRAPHIC NAME | |
| Geographic name | Ireland |
| General subdivision | History |
| Chronological subdivision | 1691- |
| 9 (RLIN) | 91082 |
| 651 #0 - SUBJECT ADDED ENTRY--GEOGRAPHIC NAME | |
| Geographic name | Ireland |
| General subdivision | History |
| Chronological subdivision | 17th century. |
| 9 (RLIN) | 91083 |
| 887 ## - NON-MARC INFORMATION FIELD | |
| Source of data | 8 |
| Content of non-MARC field | Papia Akter |
| 888 ## - | |
| -- | 8 |
| 942 ## - ADDED ENTRY ELEMENTS (KOHA) | |
| Source of classification or shelving scheme | Library of Congress Classification |
| Koha item type | Books |
| Suppress in OPAC | No |
| Withdrawn status | Lost status | Source of classification or shelving scheme | Damaged status | Not for loan | Collection | Home library | Current library | Shelving location | Date acquired | Source of acquisition | Total Checkouts | Full call number | Barcode | Date last seen | Price effective from | Koha item type |
|---|---|---|---|---|---|---|---|---|---|---|---|---|---|---|---|---|
| Library of Congress Classification | Non-fiction | Asian University for Women Library | Mahsa Amini Library | General Stacks | 25/02/2026 | Kamal Ahmad | DA938 .F67 | 033360 | 26/02/2026 | 26/02/2026 | Books |